| 000 | 01232nam a22002777a 4500 | ||
|---|---|---|---|
| 005 | 20170324123502.0 | ||
| 008 | 140714b xxu||||| |||| 00| 0 Urdu d | ||
| 010 | _aUR-8543 B-548303 B-665942 | ||
| 020 |
_c99.00 _a9789361029558 |
||
| 035 | _aU-7098 B-548303 B-665942 | ||
| 037 | _bBPPD/Publishers/Venders | ||
| 037 | _bDBAD/Pub. | ||
| 037 | _bStar Publications(Vend.)/Arshia Publications(Pub.) | ||
| 040 |
_aDPL _bUrdu |
||
| 082 | _a ن | ||
| 100 | _aد يبا سليم عر فا ن | ||
| 245 |
_a ا و ر ما :نا و ل _cد يبا سليم عر فا ن |
||
| 246 |
_aUrma (Novel) _bbyDeeba Saleem Irfan |
||
| 260 |
_bArshia Publictions _bStar Publications.( Vender) _c2012 |
||
| 260 | _a4/5Asaf Ali Road,New Delhi-110002 | ||
| 270 |
_aA-170,Ground Floor, 3,Surya Apartment, Dilshad Colony, _b دھلی _e110095 _k9971775969 |
||
| 300 |
_a218ص _c22Cm(Pb) |
||
| 942 |
_2ddc _cUR _mد ی ب _h ن |
||
| 999 |
_c87809 _d87809 |
||